Zapojenie výpočtového systému do vyťažovania cestných nákladných vozidiel

Bibliographic Details
Main Author: Husárek, Vojtech (Author)
Format: Article
Language:Slovak
Subjects:

MARC

LEADER 00000nab a2200000 a 4500
001 vtls000348752
003 SK-MaSNL
005 20260303223937.0
008 111202c1988 xo 0 slo
015 |a SNBRA19rr/mm-uuuuu 
035 |a CL0348874 
040 |a SNKBUCL  |b slo  |c SNKBUCL  |e AACR2 
041 0 |a slo 
044 |a xo  |c SK 
080 |a 656.135:681.3  |2 1981 
080 |a 681.3  |2 1981 
080 |a 629.11  |2 1981 
100 1 |a Husárek, Vojtech  |4 aut  |9 1259125 
245 1 0 |a Zapojenie výpočtového systému do vyťažovania cestných nákladných vozidiel  |c Vojtech Husárek 
650 0 7 |a doprava cestná nákladná  |2 snkbucl  |9 375190 
650 0 7 |a výpočtová technika  |2 snkbucl  |9 1126 
651 7 |a 5100  |2 snkbucl  |9 166206 
655 7 |a články zo zborníkov  |2 snkbucl  |9 166140 
773 0 |t Racionalizácia v cestnej doprave  |d Žilina : Dom techniky ČSVTS, 1988 
850 |a Slovenská národná knižnica v Martine  |a MTA001 
852 |a SNK  |b KIS3GCP 
958 |a RK 
992 |a RZB 
999 |c 2249946  |d 2251876